Catálogo
 En Linea

Las relaciones Estados Unidos-Panamá / (Registro nro. 22467)

Detalles MARC
000 -CABECERA
campo de control de longitud fija 00970nam a2200253 a 4500
001 - NÚMERO DE CONTROL
campo de control 000022970
005 - FECHA Y HORA DE LA ÚLTIMA TRANSACCIÓN
campo de control 20200930021913.0
008 - DATOS DE LONGITUD FIJA--INFORMACIÓN GENERAL
campo de control de longitud fija 101123s1986 mx r 000 0 spa d
020 ## - NÚMERO INTERNACIONAL ESTÁNDAR DEL LIBRO
Número Internacional Estándar del Libro 9686642285
040 ## - FUENTE DE LA CATALOGACIÓN
Centro catalogador/agencia de origen DO-SdBNP
Lengua de catalogación spa
Centro/agencia transcriptor BNPHU
041 17 - CÓDIGO DE LENGUA
Código de lengua del texto/banda sonora o título independiente spa
Código de lengua original eng
Fuente del código Código de idiomas MARC
082 ## - NÚMERO DE LA CLASIFICACIÓN DECIMAL DEWEY
Número de clasificación nnnn
Número de documento/Ítem F236r
049 ## - FONDOS LOCALES (OCLC)
Fondos de biblioteca BNGR
100 1# - ENTRADA PRINCIPAL--NOMBRE DE PERSONA
Nombre de persona Farnsworth, David N.,
9 (RLIN) 47239
240 10 - TÍTULO UNIFORME
Título uniforme U.D.-Panama relations, 1903-1978.
Lenguaje de la obra Español.
245 14 - MENCIÓN DE TÍTULO
Título Las relaciones Estados Unidos-Panamá /
Mención de responsabilidad, etc. David N. Farnsworth, James W. McKenney ; traducción de José Luis González.
260 ## - PUBLICACIÓN, DISTRIBUCIÓN, ETC.
Lugar de publicación, distribución, etc. México :
Nombre del editor, distribuidor, etc. Gernika,
Fecha de publicación, distribución, etc. 1986.
300 ## - DESCRIPCIÓN FÍSICA
Extensión 322 p. ;
Dimensiones 21 cm.
490 1# - MENCIÓN DE SERIE
Mención de serie Un estudio político
Designación de volumen o secuencia 9
504 ## - NOTA DE BIBLIOGRAFÍA, ETC.
Nota de bibliografía, etc. Incluye referencias bibliográficas y notas al pie de las páginas.
534 ## - NOTA SOBRE LA VERSIÓN ORIGINAL
Frase introductoria Título original en inglés:
Mención de título del original U.D.-Panama relations, 1903-1978.
Publicación, distribución, etc. del original Westview, 1983
Número Internacional Estándar del Libro 0865319693
700 1# - PUNTO DE ACCESO ADICIONAL--NOMBRE DE PERSONA
Nombre de persona González, José Luis,
Término indicativo de función/relación tr.
9 (RLIN) 5327
830 #0 - PUNTO DE ACCESO ADICIONAL DE SERIE-TÍTULO UNIFORME
Título uniforme Un estudio político ;
Designación de volumen o secuencia 9
9 (RLIN) 47240
Existencias
Estado de retiro Estado de pérdida Restricciones de uso No para préstamo Código de colección Localización permanente Ubicación/localización actual Ubicación en estantería Fecha de adquisición Número de inventario Total de préstamos Signatura topográfica completa Código de barras Fecha visto por última vez Precio válido a partir de Tipo de ítem Koha
    Préstamo interno   Monografías: Libros y Folletos General General En catalogación 23.11.2010 LF1   nnnn F236r 22970-10 25.06.2020 25.06.2020 Préstamo interno

Con tecnología Koha